LEADER 01043nam0 2200301 450 001 000007992 005 20070619130359.0 010 $a88-7524-106-3 100 $a20070619d2006----km-y0itay50------ba 101 0 $aita 102 $aIT 105 $ay-------001yy 200 1 $a<>ereditą tra accettazione e rinuncia$fSandro Castro, Alessia Mari, Vincenzo Mazzotta$ga cura di Sandro Castro 210 $aTorino$cGiappichelli$d2006 215 $aXVI, 360 p.$d23 cm 225 2 $aLinea professionale$eCommenti esplicativi, formulari annotati, normativa, gurisprudenza, applicazioni informatiche 410 0$12001$aLinea professionale 610 1 $aSuccessioni 676 $a346.4505$v20 700 1$aCastro,$bSandro$0322564 701 1$aMari,$bAlessia$0322565 701 1$aMazzotta,$bVincenzo$0599458 702 1$aCastro,$bSandro 801 0$aIT$bUNIPARTHENOPE$c20070619$gRICA$2UNIMARC 912 $a000007992 951 $aD-0140$b39572$cNAVA3$d2007 996 $aEreditą tra accettazione e rinuncia$91204532 997 $aUNIPARTHENOPE LEADER 02107nam1 22003973i 450 001 BVE0040248 005 20251003044052.0 010 $a8813174748 100 $a20141001d1991 ||||0itac50 ba 101 | $aita 102 $ait 181 1$6z01$ai $bxxxe 182 1$6z01$an 183 1$6z01$anc$2RDAcarrier 200 1 $aPiccole e medie imprese nel villaggio globale$eopportunitą e rischi della diffusione delle reti e dei servizi telematici$fGiorgio Gottardi, Enrico Quaglio 210 $aPadova$cCEDAM$d1991 215 $a191 p.$d24 cm. 225 | $aUniversitą di Padova, Facoltą di ingegneria$v12 410 0$1001CFI0054157$12001 $aUniversitą di Padova, Facoltą di ingegneria$v12$171201$aUniversitą degli studi$c $b : Facoltą di ingegneria$3CFIV040100 463 1$1001UBO0034681$12001 $aPiccole e medie imprese nel villaggio globale$eOpportunita e rischi della diffusione delle reti e dei servizi telematici$fGiorgio Gottardi, Enrico Quaglio$v12 606 $aPiccole imprese$xInnovazione tecnologica$2FIR$3CFIC046218$9I 606 $aMedie imprese$2FIR$3CFIC036883$9I 676 $a330.122$9SISTEMI ECONOMICI. ECONOMIA DELLA LIBERA IMPRESA$v23 676 $a338.642$9ORGANIZZAZIONE DELLA PRODUZIONE. PICCOLA IMPRESA$v20 700 1$aGottardi$b, Giorgio$3CFIV013190$4070$07473 701 1$aQuaglio$b, Enrico$3BVEV014436$4070$0409419 801 3$aIT$bIT-000000$c20141001 850 $aIT-BN0095 $aIT-NA0457 901 $bNAP BI$cSALA 3 $nLibri da 1597 a 3785 901 $bNAP 01$cPOZZO LIB.$nVi sono collocati fondi di economia, periodici di ingegneria e scienze, periodici di economia e statistica e altri fondi comprendenti documenti di economia pervenuti in dono. 912 $aBVE0040248 950 1$aBiblioteca Centralizzata di Ateneo$c1 v.$d 01POZZO LIB.ECON MON 7377$e 0101 0700266495E VMA 1 v. (Precedente collocazione. - 26 EC 649)$fB $h20220803$i20220803 967 $m1 977 $a 01$a BI 996 $aPiccole e medie imprese nel villaggio globale$9961042 997 $aUNISANNIO